Biggest Cities in Asia by Region on a Map - Statistics

General Stats
  • This quiz has been taken 330 times
    206 since last reset
  • The average score is 43 of 50
Answers on the Map
Answers color-coded by a green-red scale on the quiz's map according to % correct below.
 
Answer Stats
Division Population Answer % Correct
Eastern Asia 41.0m Tokyo
99%
Western Asia 15.9m Istanbul
98%
Eastern Asia 25.1m Seoul
98%
Eastern Asia 40.8m Shanghai
98%
Western Asia 5.15m Ankara
97%
Southeastern Asia 21.2m Bangkok
97%
Eastern Asia 21.2m Beijing
97%
Southern Asia 34.6m Delhi
97%
Western Asia 5.95m Dubai
97%
Southeastern Asia 29.2m Jakarta
97%
Eastern Asia 17.7m Osaka
97%
Southern Asia 22.5m Dhaka
96%
Eastern Asia 70.1m Guangzhou
96%
Southeastern Asia 27.2m Manila
96%
Southern Asia 27.1m Mumbai
96%
Western Asia 7.50m Riyadh
96%
Southeastern Asia 7.85m Singapore
96%
Western Asia 7.65m Baghdad
94%
Southeastern Asia 7.15m Hanoi
94%
Southeastern Asia 13.9m Ho Chi Minh City
94%
Southeastern Asia 9.30m Kuala Lumpur
94%
Western Asia 6.00m Amman
93%
Central Asia 1.53m Astana
93%
Western Asia 3.86m Damascus
93%
Western Asia 4.78m Kuwait City
93%
Southern Asia 16.5m Tehran
93%
Western Asia 3.68m Baku
92%
Southern Asia 17.7m Kolkata
92%
Southern Asia 20.9m Karachi
90%
Central Asia 3.78m Tashkent
88%
Eastern Asia 12.8m Xi'an
87%
Central Asia 1.50m Bishkek
86%
Western Asia 3.93m Jeddah
86%
Southern Asia 14.5m Lahore
85%
Southern Asia 14.2m Bengaluru
84%
Southern Asia 12.6m Chennai
84%
Southeastern Asia 6.15m Yangon
84%
Southern Asia 11.4m Hyderabad
82%
Central Asia 1.06m Ashgabat
81%
Central Asia 2.63m Almaty
80%
Eastern Asia 17.3m Chengdu
80%
Central Asia 1.25m Dushanbe
80%
Southeastern Asia 5.90m Surabaya
78%
Eastern Asia 14.9m Xiamen
72%
Southeastern Asia 6.95m Bandung
68%
Eastern Asia 13.9m Hangzhou
63%
Central Asia 840k Samarkand
54%
Central Asia 1.33m Shymkent
40%
Central Asia 917k Namangan
20%
Central Asia 748k Andijan
16%
No matching quizzes found
Score Distribution
Percent of People with Each Score
Percentile by Number Answered
Your Score History
You have not taken this quiz since the last reset